书目信息 |
| 题名: |
卢梭立宪学文选
|
|
| 作者: | 卢梭 著 ;田飞龙 编 | |
| 分册: | ||
| 出版信息: | 北京 中国政法大学出版社 2013 |
|
| 页数: | 10,192页 | |
| 开本: | 21cm | |
| 丛书名: | ||
| 单 册: | ||
| 中图分类: | B565.26 | |
| 科图分类: | ||
| 主题词: | 卢梭(Rousseau, Jean Jacpues1712-1778)--Lu Suo (Rousseau, Jean Jacpues1712-1778)--宪法学--Xian Fa Xue--文集--Wen Ji | |
| 电子资源: | ||
| ISBN: | 978-7-5620-4883-1 | |
| 000 | 01064nam0 22002651 450 | |
| 001 | 350642 | |
| 005 | 20161011100412.00 | |
| 010 | @a978-7-5620-4883-1@dCNY18.00 | |
| 100 | @a20130918d2013 em y0chiy50 ea | |
| 101 | 1 | @achi@beng@cfre |
| 102 | @aCN@b110000 | |
| 105 | @ay z 000yy | |
| 106 | @ar | |
| 200 | 1 | @a卢梭立宪学文选@ALu Suo Li Xian Xue Wen Xuan@dThe anthology of Rousseau constitutional theory@f田飞龙编@g田飞龙[等]译@zeng |
| 210 | @a北京@c中国政法大学出版社@d2013 | |
| 215 | @a10,192页@d21cm | |
| 304 | @a含论政治经济学 科西嘉制宪拟议 波兰政府论 | |
| 330 | @a本书选取了论政治经济、科西嘉制宪拟议和波兰政府论三篇宪法文章。 | |
| 510 | 1 | @aAnthology of Rousseau constitutional theory@zeng |
| 606 | 0 | @a卢梭(Rousseau, Jean Jacpues1712-1778)@ALu Suo (Rousseau, Jean Jacpues1712-1778)@a宪法学@AXian Fa Xue@a文集@AWen Ji |
| 690 | @aB565.26@v5 | |
| 701 | 0 | @c(法)@a卢梭@ALu Suo@c(Rousseau, Jean-Jacques@f1712~1778)@4著 |
| 702 | 0 | @a田飞龙@ATian Fei Long@f(1983~)@4编@4译 |
| 801 | 0 | @aCN@bTANGWEI@c20160805 |
| 905 | @b0891055-9@dB565.26@e62@f5 | |
| 卢梭立宪学文选=The anthology of Rousseau constitutional theory/田飞龙编/田飞龙[等]译.-北京:中国政法大学出版社,2013 |
| 10,192页;21cm |
| ISBN 978-7-5620-4883-1:CNY18.00 |
| 本书选取了论政治经济、科西嘉制宪拟议和波兰政府论三篇宪法文章。 |
| ● |
| 相关链接 |
|
|
|
|
正题名:卢梭立宪学文选
索取号:B565.26/62
 
预约/预借
| 序号 | 登录号 | 条形码 | 馆藏地/架位号 | 状态 | 备注 |
| 1 | 0891055 | 208910552 | 第一样本阅览室/ [索取号:B565.26/62] | 在馆 | |
| 2 | 0891056 | 208910561 | 第一借阅区/ [索取号:B565.26/62] | 在馆 | |
| 3 | 0891057 | 208910570 | 第一借阅区/ [索取号:B565.26/62] | 在馆 | |
| 4 | 0891058 | 208910589 | 第一借阅区/ [索取号:B565.26/62] | 在馆 | |
| 5 | 0891059 | 208910598 | 第一借阅区/ [索取号:B565.26/62] | 在馆 |